|
|
|
|
| LEADER |
00000nam0a2200000 4500 |
| 001 |
292383 |
| 005 |
20231102000505.0 |
| 035 |
|
|
|a (RuTPU)RU\TPU\book\317002
|
| 090 |
|
|
|a 292383
|
| 100 |
|
|
|a 20150422d1983 k y0rusy5003 ca
|
| 101 |
0 |
|
|a rus
|
| 102 |
|
|
|a RU
|
| 105 |
|
|
|a a z 001zy
|
| 200 |
1 |
|
|a Пожарная техника
|e сборник научных трудов
|f Всесоюзный научно-исследовательский институт противопожарной обороны
|
| 210 |
|
|
|a Москва
|c [Б. и.]
|d 1983
|
| 215 |
|
|
|a 147 с.
|c ил.
|d 20 см
|
| 320 |
|
|
|a Библиография в конце статей
|
| 606 |
1 |
|
|a Пожарное оборудование
|2 stltpush
|3 (RuTPU)RU\TPU\subj\49941
|9 68701
|
| 610 |
1 |
|
|a пожарная техника
|
| 610 |
1 |
|
|a пожарные автомобили
|
| 610 |
1 |
|
|a порошковые струи
|
| 610 |
1 |
|
|a дыхательные аппараты
|
| 675 |
|
|
|a 614.843
|z rus
|v 4
|
| 712 |
0 |
2 |
|a Всесоюзный научно-исследовательский институт противопожарной обороны
|g ВНИИПО
|2 stltpush
|3 (RuTPU)RU\TPU\col\8877
|
| 801 |
|
0 |
|a RU
|b RuMRKP
|c 19950704
|g psbo
|
| 801 |
|
1 |
|a RU
|b 63413507
|c 20150422
|
| 801 |
|
2 |
|a RU
|b 63413507
|c 20180413
|g RCR
|
| 942 |
|
|
|c BK
|